000 00574nam a2200205Ia 4500
005 20260429112209.0
008 260429s9999||||xx |||||||||||||| ||und||
020 _a9788180943447
041 _aEnglish
082 _a658.72
_bSEK
100 _aSekhar, C.
245 0 _aPrinciples and practices of procurement management /
_cC. Sekhar
250 _a1st ed.
260 _aChennai :
_bMJP Publishers ,
_c2022.
300 _axiv, 559 p.; hb
650 _a Supply chain management
650 _aProcurement management
700 _a Sekhar, Paarry Jarina
942 _cTB
999 _c52840
_d52840